000
00293nam a2200133 a 4500
005
20140414132049.0
008
110330s19uu xx 00 eng d
050
_a
P
_b
VER
245
_a
Vertebrates and invertebrates.
650
_a
999
_c
114100
_d
114100